How to Pass your OSCE : (Record no. 14759)
[ view plain ]
| 000 -LEADER | |
|---|---|
| fixed length control field | 01905cam a22004458a 4500 |
| 001 - CONTROL NUMBER | |
| control field | 16064485 |
| 005 - DATE AND TIME OF LATEST TRANSACTION | |
| control field | 20100129151740.0 |
| 008 - FIXED-LENGTH DATA ELEMENTS--GENERAL INFORMATION | |
| fixed length control field | 100120s2010 enk b 001 0 eng |
| 010 ## - LIBRARY OF CONGRESS CONTROL NUMBER | |
| LC control number | 2010002401 |
| 020 ## - INTERNATIONAL STANDARD BOOK NUMBER | |
| International Standard Book Number | 0273724282 |
| 020 ## - INTERNATIONAL STANDARD BOOK NUMBER | |
| International Standard Book Number | 9780273724285 (pbk.) |
| 035 ## - SYSTEM CONTROL NUMBER | |
| System control number | (DNLM)101523146 |
| 040 ## - CATALOGING SOURCE | |
| Original cataloging agency | DNLM/DLC |
| Transcribing agency | DLC |
| 042 ## - AUTHENTICATION CODE | |
| Authentication code | pcc |
| 043 ## - GEOGRAPHIC AREA CODE | |
| Geographic area code | e-uk--- |
| 050 00 - LIBRARY OF CONGRESS CALL NUMBER | |
| Classification number | RT55 |
| Item number | .B56 2010 |
| 060 10 - NATIONAL LIBRARY OF MEDICINE CALL NUMBER | |
| Classification number | WY 18 |
| Item number | B6555h 2010 |
| 082 00 - DEWEY DECIMAL CLASSIFICATION NUMBER | |
| Classification number | 618.202310076 |
| Edition number | 22 |
| Item number | BLO |
| 100 1# - MAIN ENTRY--PERSONAL NAME | |
| Personal name | Bloomfield, Jacqueline. |
| 9 (RLIN) | 20330 |
| 245 10 - TITLE STATEMENT | |
| Title | How to Pass your OSCE : |
| Remainder of title | A Guide to Success in Nursing and Midwifery / |
| Statement of responsibility, etc | Jacqueline Bloomfield, Anne Pegram, Carys Jones. |
| 260 ## - PUBLICATION, DISTRIBUTION, ETC. (IMPRINT) | |
| Place of publication, distribution, etc | Harlow, England : |
| Name of publisher, distributor, etc | Pearson, |
| Date of publication, distribution, etc | 2010. |
| 263 ## - PROJECTED PUBLICATION DATE | |
| Projected publication date | 1003 |
| 300 ## - PHYSICAL DESCRIPTION | |
| Extent | 118 p. ; |
| Dimensions | 22 cm. |
| 504 ## - BIBLIOGRAPHY, ETC. NOTE | |
| Bibliography, etc | Includes bibliographical references and index. |
| 505 0# - FORMATTED CONTENTS NOTE | |
| Formatted contents note | What is an OSCE? -- Essential principles underpinning OSCEs -- Personal learning and preparation for the OSCE -- Preparation for the OSCE -- The OSCE experience. |
| 541 ## - IMMEDIATE SOURCE OF ACQUISITION NOTE | |
| Source of acquisition | DR. Chahrazad ; |
| 650 #0 - SUBJECT ADDED ENTRY--TOPICAL TERM | |
| Topical term or geographic name as entry element | Nursing |
| Geographic subdivision | Great Britain |
| General subdivision | Examinations |
| Form subdivision | Study guides. |
| 9 (RLIN) | 20331 |
| 650 #0 - SUBJECT ADDED ENTRY--TOPICAL TERM | |
| Topical term or geographic name as entry element | Midwifery |
| Geographic subdivision | Great Britain |
| General subdivision | Examinations |
| Form subdivision | Study guides. |
| 9 (RLIN) | 20332 |
| 650 12 - SUBJECT ADDED ENTRY--TOPICAL TERM | |
| Topical term or geographic name as entry element | Education, Nursing. |
| 9 (RLIN) | 20333 |
| 650 22 - SUBJECT ADDED ENTRY--TOPICAL TERM | |
| Topical term or geographic name as entry element | Achievement. |
| 9 (RLIN) | 20334 |
| 650 22 - SUBJECT ADDED ENTRY--TOPICAL TERM | |
| Topical term or geographic name as entry element | Clinical Competence. |
| 9 (RLIN) | 20335 |
| 650 22 - SUBJECT ADDED ENTRY--TOPICAL TERM | |
| Topical term or geographic name as entry element | Learning. |
| 9 (RLIN) | 20336 |
| 650 22 - SUBJECT ADDED ENTRY--TOPICAL TERM | |
| Topical term or geographic name as entry element | Midwifery |
| General subdivision | education. |
| 9 (RLIN) | 20337 |
| 700 1# - ADDED ENTRY--PERSONAL NAME | |
| Personal name | Pegram, Anne. |
| 9 (RLIN) | 20338 |
| 700 1# - ADDED ENTRY--PERSONAL NAME | |
| Personal name | Jones, Carys. |
| 9 (RLIN) | 20339 |
| 942 ## - ADDED ENTRY ELEMENTS (KOHA) | |
| Source of classification or shelving scheme | Dewey Decimal Classification |
| Item type | |
| Withdrawn status | Item status | Source of classification or shelving scheme | Damaged status | Not for loan | Vendor | Home library | Current library | Shelving location | Date acquired | Source of acquisition | Total Checkouts | Full call number | Barcode | Date last seen | Date last borrowed | Koha item type | Cost, normal purchase price | Serial Enumeration / chronology | Total Renewals |
|---|---|---|---|---|---|---|---|---|---|---|---|---|---|---|---|---|---|---|---|
| Dewey Decimal Classification | Central Library | Central Library | First floor | 13/10/2010 | Donation | 1 | 618.202310076 BLO | 000022349 | 15/07/2025 | 07/11/2010 | NB - Book (Non borrowing) | ||||||||
| Dewey Decimal Classification | Academic Bookshop | Central Library | Central Library | First floor | 18/04/2011 | 2 | 618.202310076 BLO | 000023213 | 15/07/2025 | 09/12/2019 | Book - Borrowing | 177.00 | 2065 | 1 |